Interfaces of Intellectual Property Law/ (Record no. 213446)

MARC details
000 -LEADER
fixed length control field 00633nam a22001937a 4500
005 - DATE AND TIME OF LATEST TRANSACTION
control field 20250923121910.0
010 ## - LCCN (DPL NO)
LC control number ENG-144338
020 ## - INTERNATIONAL STANDARD BOOK NUMBER
International Standard Book Number 9788197414206
Terms of availability 1295.00
035 ## - SYSTEM CONTROL NUMBER
System control number EN-127870
037 ## - SOURCE OF ACQUISITION
Source of stock number/acquisition DBAD
082 ## - DEWEY DECIMAL CLASSIFICATION NUMBER
Classification number 346.048
Edition number 1
100 ## - MAIN ENTRY--PERSONAL NAME
Personal name Sreenivasulu N S
245 ## - TITLE STATEMENT
Title Interfaces of Intellectual Property Law/
Statement of responsibility, etc Sreenivasulu N S
250 ## - EDITION STATEMENT
Edition statement 1
260 ## - PUBLICATION, DISTRIBUTION, ETC. (IMPRINT)
Place of publication, distribution, etc Haryana
Name of publisher, distributor, etc Lexis Nexis
Date of publication, distribution, etc 2025
270 ## - ADDRESS
Address 14th Floor, Building No. 10, Tower-B, DLF Cyber City, Phase-II, Gurgaon
City Haryana
Postal code 122002
Electronic mail address help.in@lexisnexis.com
300 ## - PHYSICAL DESCRIPTION
Extent xliii, 498p.
Dimensions 25cm(hb)
942 ## - ADDED ENTRY ELEMENTS (KOHA)
Source of classification or shelving scheme Dewey Decimal Classification
Item type English Books
Classification part 346.048
Call number suffix SRE
Edition 1
Holdings
Withdrawn status Lost status Not for loan Collection code Home library Current library Date acquired Source of acquisition Cost, normal purchase price Full call number Barcode Copy number Cost, replacement price Koha item type
      Non-fiction Central Library Central Library 23/09/2025 Delivery of Books Act Division 1295.00 346.048 SRE EN-127870 1 1295.00 English Books

© Delhi Public Library
Hit Counter
free hit counter